000 00287nam a22001337a 4500
008 180116b xxu||||| |||| 00| 0 eng d
020 _a9780312228958
041 _aeng
080 _a336 MAR
100 _a39
101 _aFIN
245 _aGrantFinder
_cMARTIN'S.ST
942 _2udc
_cBK
999 _c40325
_d40325